Stability and Stabilization of Linear Systems with Saturating Actuators

It is well-known that actuator saturation is present in practically all control systems, the signal amplitude that an actuator can deliver usually being limited by physical or safety constraints. Neglect of these amplitude bounds and the consequent actuator saturation can be a source of performance...

Πλήρης περιγραφή

Λεπτομέρειες βιβλιογραφικής εγγραφής
Κύριοι συγγραφείς: Tarbouriech, Sophie (Συγγραφέας), Garcia, Germain (Συγγραφέας), Gomes da Silva Jr., João Manoel (Συγγραφέας), Queinnec, Isabelle (Συγγραφέας)
Συγγραφή απο Οργανισμό/Αρχή: SpringerLink (Online service)
Μορφή: Ηλεκτρονική πηγή Ηλ. βιβλίο
Γλώσσα:English
Έκδοση: London : Springer London, 2011.
Θέματα:
Διαθέσιμο Online:Full Text via HEAL-Link
LEADER 04945nam a22005655i 4500
001 978-0-85729-941-3
003 DE-He213
005 20151204161506.0
007 cr nn 008mamaa
008 110811s2011 xxk| s |||| 0|eng d
020 |a 9780857299413  |9 978-0-85729-941-3 
024 7 |a 10.1007/978-0-85729-941-3  |2 doi 
040 |d GrThAP 
050 4 |a TJ212-225 
072 7 |a TJFM  |2 bicssc 
072 7 |a TEC004000  |2 bisacsh 
082 0 4 |a 629.8  |2 23 
100 1 |a Tarbouriech, Sophie.  |e author. 
245 1 0 |a Stability and Stabilization of Linear Systems with Saturating Actuators  |h [electronic resource] /  |c by Sophie Tarbouriech, Germain Garcia, João Manoel Gomes da Silva Jr., Isabelle Queinnec. 
264 1 |a London :  |b Springer London,  |c 2011. 
300 |a XXI, 430 p.  |b online resource. 
336 |a text  |b txt  |2 rdacontent 
337 |a computer  |b c  |2 rdamedia 
338 |a online resource  |b cr  |2 rdacarrier 
347 |a text file  |b PDF  |2 rda 
505 0 |a Introduction -- Part I: Generalities -- Description of Systems Considered: Problem Statement -- Robust Stabilization under Control Constraints: An Overview -- Part II: Stability Analysis and Stabilization -- Analysis via the Use of Polytopic Models -- Synthesis via the Polytopic Model -- Analysis via the Use of Sector Nonlinearities Model -- Analysis via the Saturation Regions Model -- Part III: Anti-windup -- An Overview on Anti-windup Techniques -- Anti-windup Compensators Synthesis -- Appendices: Fundamental Properties on Stability Theory -- Fundamental Properties on Robust Control -- Mathematical Tools. 
520 |a It is well-known that actuator saturation is present in practically all control systems, the signal amplitude that an actuator can deliver usually being limited by physical or safety constraints. Neglect of these amplitude bounds and the consequent actuator saturation can be a source of performance degradation or even instability of the closed-loop system so an in-depth understanding of the phenomena caused by saturation is of importance in solving and avoiding problems in industrial control systems.   Stability and Stabilization of Linear Systems with Saturating Actuators details both basic concepts and tools fundamental for the analysis and synthesis of linear systems subject to actuator saturation and, in a formal though didactic fashion, developments in recent research. The authors consider a state-space approach and focus on the problems of stability analysis and the synthesis of stabilizing control laws in both local and global contexts. Different methods of modeling the saturation and behavior of the nonlinear closed-loop system are given special attention. Various kinds of Lyapunov functions, polyhedral, quadratic and Lure-type, for example, are considered in order to present different internal as well as external stability and stabilization conditions. Results arising from uncertain systems and treating performance in the presence of saturation are also given. Associated with the different theoretical results, the text proposes methods and algorithms for computing estimates of the basin of attraction and sets of admissible exogenous signals as well as for designing control systems taking into account, a priori, the control bounds and the possibility of saturation. In addition, the so-called anti-windup approach, which consists of adding an extra layer in the pre-designed control system specifically to tackle the undesirable effects of saturation, is presented.   These methods and algorithms are based on the use of linear programming and linear matrix inequalities and can be easily implemented with MATLAB® and Scilab.   Stability and Stabilization of Linear Systems with Saturating Actuators is a valuable reference for electrical, mechanical, chemical and aeronautical engineers working on control applications, as well as graduate students and researchers interested in the development of new tools and theoretical results concerning systems with saturation. 
650 0 |a Engineering. 
650 0 |a Chemical engineering. 
650 0 |a Matrix theory. 
650 0 |a Algebra. 
650 0 |a System theory. 
650 0 |a Aerospace engineering. 
650 0 |a Astronautics. 
650 0 |a Control engineering. 
650 1 4 |a Engineering. 
650 2 4 |a Control. 
650 2 4 |a Systems Theory, Control. 
650 2 4 |a Industrial Chemistry/Chemical Engineering. 
650 2 4 |a Aerospace Technology and Astronautics. 
650 2 4 |a Linear and Multilinear Algebras, Matrix Theory. 
700 1 |a Garcia, Germain.  |e author. 
700 1 |a Gomes da Silva Jr., João Manoel.  |e author. 
700 1 |a Queinnec, Isabelle.  |e author. 
710 2 |a SpringerLink (Online service) 
773 0 |t Springer eBooks 
776 0 8 |i Printed edition:  |z 9780857299406 
856 4 0 |u http://dx.doi.org/10.1007/978-0-85729-941-3  |z Full Text via HEAL-Link 
912 |a ZDB-2-ENG 
950 |a Engineering (Springer-11647)